Schaum's outline of theory and problems of microprocessor fundamentals (Record no. 57032)

MARC details
000 -LEADER
fixed length control field 00553nam a2200145 a 4500
008 - FIXED-LENGTH DATA ELEMENTS--GENERAL INFORMATION
fixed length control field 120416s1983 ||||||||||||||||| || u
050 ## - LIBRARY OF CONGRESS CALL NUMBER
Classification number QA 76.8 Tok
100 ## - MAIN ENTRY--PERSONAL NAME
Personal name Tokheim, Roger L
245 10 - TITLE STATEMENT
Title Schaum's outline of theory and problems of microprocessor fundamentals
250 ## - EDITION STATEMENT
Edition statement Internatio
260 ## - PUBLICATION, DISTRIBUTION, ETC.
Place of publication, distribution, etc. New York
Name of publisher, distributor, etc. McGraw-Hill
Date of publication, distribution, etc. 1983
300 ## - PHYSICAL DESCRIPTION
Extent [vi] 378p. : ill.
350 ## - PRICE (NR) (BK AM CF MU VM SE) [OBSOLETE]
Price 0.00
995 ## - RECOMMENDATION 995 [LOCAL, UNIMARC FRANCE]
-- 0.00
-- CBU-MAIN LIBRARY (Kitwe)
-- 1
-- 10.95
-- 1
-- LOST
-- Mar 7, 2013
-- Main Library Open Access Collection
Holdings
Withdrawn status Lost status Source of classification or shelving scheme Damaged status Not for loan Home library Current library Shelving location Date acquired Total Checkouts Full call number Barcode Date last seen Price effective from Koha item type
          CBU-MAIN LIBRARY, KITWE. CBU-MAIN LIBRARY, KITWE.   11/30/2022   QA 76.8 Tok 010072 11/30/2022 11/30/2022 MONOGRAPH